| 000 | 03537nab a22007097 4500 | ||
|---|---|---|---|
| 003 | AR-RoUNA | ||
| 022 | _a0327-9022 | ||
| 040 |
_aAR-RoUNA _bspa |
||
| 041 | _aspa | ||
| 044 | _aag | ||
| 245 |
_aSumma+ / _bOficinas - Hoteles - Comercios |
||
| 260 |
_aBuenos Aires (Argentina): _cDonn SA, _b1993. |
||
| 300 |
_a128 p. : _bil. byn. _bplanos _c34X25 cm. |
||
| 505 | 0 | _tINDICE | |
| 505 | 0 | _tOFICINAS, HOTELES Y COMERCIOS A LA CARTA, Fernando Diez. p. 1 | |
| 505 | 0 | _tCARTELERA | |
| 505 | 0 | _tENERGÍAS RENOVADAS | |
| 505 | 0 | _aAntonini Schön Zemboran / Y-TEC - YPF Tecnología, La Plata, Argentina, 2016. p. 8 | |
| 505 | 0 | _tEL LADRILLO Y SUS OPERACIONES, Valeria Matayoshi. p. 18 | |
| 505 | 0 | _tMUROS HORADADOS | |
| 505 | 0 | _aH Architectes / Centro Cívico Cristalleries Planell 1015, Barri de Les Corts, Barcelona, España, 2016. p. 20 | |
| 505 | 0 | _tVACÍO ENTRE PILATES | |
| 505 | 0 | _aLacroize Miguens Prati - De Ocampo / Oficinas Rurales, Pehuajó, Provincia de Buenos Aires, Argentina, 2014. p. 28 | |
| 505 | 0 | _tPREFABRICACIÓN EN LADRILLO | |
| 505 | 0 | _aElgue y Asociados. Arquitectos / Clínica - Vivienda, Santa Rosa 944, Asunción, Paraguay, 2016. p. 34 | |
| 505 | 0 | _tEL TALENTOSO MR. PORTMAN, Gustavo Alonso Serafin. p. 40 | |
| 505 | 0 | _tDESCANSO MATERIAL, Gustavo Alonso Serafín. p. 46 | |
| 505 | 0 | _tRESONANCIAS INTEMPORALES | |
| 505 | 0 | _aJosé Cruz Ovalle / Hotel Explora Valle Sagrado, Huayllabamba, Cusco, Perú, 2016. p. 48 | |
| 505 | 0 | _tENSAMBLANDO HOTELES | |
| 505 | 0 | _aFederico Eliaschev / Hotel AQ Tailored Suites, Montevideo 937, CABA, Argentina, 2017. p. 60 | |
| 505 | 0 | _tRESURGIR INTERIOR | |
| 505 | 0 | _aJavier Sanchéz / Hotel Carlota, Colonia Cuauhtémoc, Ciudad de México, México, 2015. p. 66 | |
| 505 | 0 | _tDOS CASONAS Y DOS GALPONES, Magdalena Tagliabue. p. 72 | |
| 505 | 0 | _tCASONA CULTURAL CONTEMPORÁNEA | |
| 505 | 0 | _aJoaquín Velasco Rubio / Dinamarca 399, Valparaíso, Chile, 2014. p. 74 | |
| 505 | 0 | _tLA INDUSTRIA DE LO ARTESANAL | |
| 505 | 0 | _aEstudio Juan Ballester + Grupo Cuatro / Antares Parador Güemes, Ciudad de Córdoba, Córdoba,Argentina, 2017. p. 80 | |
| 505 | 0 | _tDUNA FENÓLICA | |
| 505 | 0 | _aPlanta / Tetuán Brasero Marroquí, Palermo, CABA, Argentina, 2017. p. 84 | |
| 505 | 0 | _tLA CONSTRUCCIÓN ONÍRICA | |
| 505 | 0 | _aHitzig Militello / Goostën, Martínez, Buenos Aires, Argentina, 2017. p. 88 | |
| 505 | 0 | _tARQUITECTURA, CLIMA Y CULTURAS MODERNAS, Joaquín Medina Warmburg. p. 94 | |
| 505 | 0 | _tCON EL RUGIR DE LOS MOTORES | |
| 505 | 0 | _aMuseo del Automotor, Bares, Bares, Becker, Ferrari, Schnack, AFT (Interiorismo), 2011. p. 102 | |
| 505 | 0 | _aTermas Uno Hotel / Luciani Asociados / AFT (Interiosmo), 2014. p. 108 | |
| 505 | 0 | _tNUEVA PUERTA EN SANTIAGO DE CHILE | |
| 505 | 0 | _tEL PAPEL DE LA ARQUITECTURA ESPAÑOLA CONTEMPORÁNEA | |
| 505 | 0 | _tEL ESPACIO RACIONALIZADO, Rafael. E. J. Iglesia. p. 123 | |
| 505 | 0 | _tMALAPARTE EN CAPRI (I) | |
| 505 | 0 | _aMario Sabugo / La Casa Come Me. p. 125 | |
| 505 | 0 | _tEL CAIRO EN EL PAPEL, Ignacio Ros De Olano. p. 126 | |
| 505 | 0 | _tURNAS DE PIEDRA | |
| 505 | 0 | _aRoberto Fernández / Concursos como Sacófagos: Dos proyectos de Iglesia. p. 127 | |
| 505 | 0 | _tALFREDO ¨CHICHE¨ GENTILE, SU APORTE, Javier Sánchez Gómez. p. 128 | |
| 650 | _2Arquitectura conteporánea | ||
| 773 | 0 |
_aSumma+ _dBuenos Aires, Argentina _gNº165 (jul; 2018), p. 128 _x0327-9022 |
|
| 908 | _aImp | ||
| 942 |
_2udc _cART |
||
| 945 | _d2022-07-08 | ||
| 980 |
_6138 _aCarolina Rainero _8138 _gCarolina Rainero |
||
| 999 |
_c12323 _d12323 |
||